000 00714nam a2200217 a 4500
001 000015474
005 20240705073646.0
008 100210s2003 dr 000 0 spa d
020 _a9993442208
040 _aDO-SdBNP
_bspa
_cBNPHU
082 _a923.77295
_bH831i
245 0 0 _aIdeario de Eugenio María de Hostos /
_cCompilación Élida Jiménez Victorino.
260 _aSanto Domingo :
_bFerilibro,
_c2003.
300 _a205 p. ;
_c21 cm.
504 _aBibliografía : p. 193 -197.
600 1 0 _aHostos, Eugenio María de,
_d1839-1903
_91352
650 4 _aPensamiento político
_934952
700 1 _aJiménez Victorio, Élida,
_ccomp.
_934953
910 _aValidado. Control de calidad BNPHU
049 _aBNPD
999 _c15030
_d15030